| 000 | 00495nam a22001937a 4500 | ||
|---|---|---|---|
| 005 | 20260423164840.0 | ||
| 008 | 260423b |||||||| |||| 00| 0 eng d | ||
| 037 | _cDSWL | ||
| 040 |
_aDSWL _cDSWL |
||
| 041 | _heng | ||
| 084 | _aS:6 P9 | ||
| 100 | _aChadha, N K | ||
| 245 | _aApplied psychology | ||
| 260 |
_aNew Delhi, _bSage Publication, _c2009 |
||
| 300 | _a362p | ||
| 365 |
_aINR _b525 |
||
| 942 |
_2CC _cTEXL _hS:6 P9 _n0 |
||
| 999 |
_c1848466 _d1848466 |
||